|
|
|
|
| LEADER |
00000nam a2200000 a 4500 |
| 001 |
vtls001515849 |
| 003 |
SK-MaSNL |
| 005 |
20260511111448.0 |
| 008 |
251112s1560 it f 011 0 lat |
| 015 |
|
|
|a SNBHFA1560
|
| 035 |
|
|
|a 26289Ni
|
| 040 |
|
|
|a SNKHF
|b slo
|c SNK
|e AACR2
|
| 041 |
0 |
|
|a lat
|
| 044 |
|
|
|a it
|c IT
|
| 072 |
|
7 |
|a 34
|x Právo
|2 konspekt
|
| 080 |
|
|
|a 342.722
|2 2011
|
| 080 |
|
|
|a 347
|2 2011
|
| 080 |
|
|
|a 025.328
|2 2011
|
| 100 |
1 |
|
|a Aldobrandini, Silvestro,
|d 1499-1558
|4 aut
|4 cwt
|9 72356
|
| 245 |
1 |
0 |
|a Institvtiones Ivris Civilis D. Iustiniani Imp. Accvratissime Recognitae, Atqve Emendatae: Cvm Omnibvs Clarissimorvm Jurisconsultorum annotationibus hactenus impressis
|b His accesserunt pręclarę Siluestri Aldobrandini lucubrationes, nunc ex eius scriptis, multo, quam ante, Francisci Cornelli opera, plurimis in locis locupletiores factę: Eiusdem Cornelli annotationes, nunc primum editę, Juris studiosis, ac in foro versantibus, apprime vtiles: quę crucis, aut asterisci nota indicantur: Duodecim Tabularum, quę extant fragmenta: Varietas lectionum: Jndex rerum, τ verborum memorabilium, aptissime dispositus
|
| 260 |
|
|
|a Venetiis
|b Apvd Ivntas, in officina hêredum Lucê antonij Juntê
|c M D LX. [=1560] Mense Maio
|
| 300 |
|
|
|a 52, 391 listov
|c 8°
|c 18,5 × 13,5 cm
|
| 500 |
|
|
|a Signet, iniciálky s ornamentálnym pozadím v rámčeku na 4 - 8 riadkov, drevorezové ilustrácie, titulný list aj celá kniha červeno-čiernou tlačou
|
| 504 |
|
|
|a Text radený do dvoch stĺplcov, v strede knihy sa nachádza pôvodný text diela okolo neho komentáre a argumenty
|
| 510 |
4 |
|
|a Edit 16 CNCE 13474
|
| 546 |
|
|
|a Latinčina
|b Antiqua
|b Fraktúra
|
| 561 |
|
|
|a Z knižnice františkánov Nitra.
|5 SNK ID 101595
|
| 562 |
|
|
|a Rukopisné exlibrisy: Conuent9 Nitrien.
|5 SNK ID 101595
|
| 563 |
|
|
|a Väzba: drsný sivo-žlto-biely pergamen so stopami po rukopisnom texte a šnúrkach.
|5 SNK ID 101595
|
| 600 |
0 |
7 |
|a Justinián
|b I.,
|c byzantský cisár,
|d asi 483-565
|2 SNKMA
|9 342033
|
| 650 |
0 |
7 |
|a právo
|2 SNKPH
|9 976
|
| 650 |
0 |
7 |
|a občianstvo
|2 SNKPH
|9 24106
|
| 650 |
0 |
7 |
|a argumenty
|2 SNKPH
|9 21134
|
| 651 |
|
7 |
|a Byzantská ríša
|2 SNKPHgeo
|9 74153
|
| 655 |
|
7 |
|a anotácie
|2 SNKPH
|9 51989
|
| 655 |
|
7 |
|a komentáre
|2 SNKPH
|9 70412
|
| 700 |
0 |
|
|a Justinián
|b I.,
|c byzantský cisár,
|d 483-565
|4 aqt
|4 ant
|
| 700 |
1 |
|
|a Cornelo, Francesco,
|d 16. storočie
|4 aut
|4 cwt
|4 edt
|9 127157
|
| 700 |
1 |
|
|a Giunta, Luca Antonio,
|c starší - dedičia,
|d 16. storočie
|4 prt
|9 72357
|
| 710 |
0 |
|
|a Giunta, Luca Antonio starší - dedičia (Benátky, Taliansko),
|d 1538-1569
|4 prt
|9 211575
|
| 710 |
1 |
|
|a Františkáni (Nitra, Slovensko)
|4 fmo
|9 305440
|
| 752 |
|
|
|a Taliansko
|d Benátky
|
| 852 |
|
|
|a snk
|b Františkáni Nitra
|p ID 101595
|
| 958 |
|
|
|a DA
|
| 999 |
|
|
|c 819313
|d 821243
|
| 952 |
|
|
|t Fr Nr 26 289
|a SNK
|b SNK
|c SNK_HF
|y PREZ
|7 0
|p 17A1357210
|o snkID 101595
|i snk2019/26188
|8 5
|0 0
|1 0
|4 0
|d 2005-04-05
|f 1
|l 0
|r 2005-04-05 00:00:00
|w 2026-02-24
|